000 00715cam a22002657a 4500
003 CHAP
005 20220329141440.0
008 971013s1987 r 00010 d
010 _a68302
011 _a69274
035 _a78750
040 _cCHAP
082 _a594.3
_bM5
100 0 0 _aMioulane, Patrick.
_976029
245 1 4 _aLos caracoles
260 _aBarcelona :
_bDe Vecchi,
_c1987
300 _a126 p.
_b: ilus.
500 _a27-187
590 _aBATCH-UPD
_b10
_c20130110
_lUCH01
_h1825
590 _aCONVERSION
_b10
_c20130109
_lUCH01
_h1338
650 1 4 _aCaracoles.
_918764
901 _aBK
942 _cLIBRO
949 _a594.3 M5
_bBC
_cLIBRO
_d33724000367710
_eLIBRO
_gI.144593
_h73931
_i78750
_si
_t61.40
999 _c68302
_d68302